| 000 | 00971nam a22002537a 4500 | ||
|---|---|---|---|
| 999 |
_c10895 _d10895 |
||
| 003 | AR-CdUCM | ||
| 008 | 190402b ||||| |||| 00| 0 spa d | ||
| 040 |
_aMUNICIPALIDAD PROVINCIAL DEL CUSCO _cBIBLIOTECA MUNICIPAL DEL CUSCO |
||
| 041 | _heng | ||
| 082 |
_aES / 373 / _bC18 |
||
| 100 |
_aCalder, Ritchie _927955 |
||
| 245 |
_a25.000 aƱos de medicina : _bde la magia a la mas moderna ciencia de curar / |
||
| 260 |
_aBarcelona : _bEdicioenes Daimon, Manuel Tamayo, _c1958. |
||
| 300 |
_a67 paginas ; _bilustraciones, graficos, dibujos, cuadros, _c33 cm. |
||
| 440 |
_aEnciclopedia juvenil del siglo XX _n6 _927956 |
||
| 505 | _aContenido: el milagro y el hombre -- el esqueleto humano -- primeros pasos -- sistema muscular -- sistema circulatorio... | ||
| 650 |
_aMedicina _93637 |
||
| 650 |
_aEsqueleto humano _927957 |
||
| 650 |
_aHumano _9596 |
||
| 650 |
_aTexto educativo _925832 |
||
| 700 |
_aMascaro, Ernesto _927958 |
||
| 942 |
_2ddc _cLIBROS |
||
| 945 | _apjha | ||